[Event "English Womens Championships 2024"]
[Site "Kenilworth, United Kingdom"]
[Date "2024.06.22"]
[Round "5.11"]
[White "Singha, Swati"]
[Black "Agarwal, Amaya"]
[Result "1/2-1/2"]
[TimeControl "G:90 minutes + 30 seconds added per move"]
[WhiteFideId "45013004"]
[BlackFideId "48733580"]
[WhiteElo "1719"]
[BlackElo "1718"]

1. e4 {[%clk 01:30:30]} {[%emt 01:16:49]} c5 {[%clk 01:30:59]} {[%emt
00:00:52]} 2. Nc3 {[%clk 01:30:28]} {[%emt 00:00:13]} d6 {[%clk 01:31:25]}
{[%emt 00:00:03]} 3. Bc4 {[%clk 01:30:19]} {[%emt 00:00:39]} Nf6 {[%clk
01:31:45]} {[%emt 00:00:11]} 4. d3 {[%clk 01:30:16]} {[%emt 00:00:33]} Nc6
{[%clk 01:32:06]} {[%emt 00:00:09]} 5. a3 {[%clk 01:30:38]} {[%emt 00:00:07]}
g6 {[%clk 01:32:21]} {[%emt 00:00:15]} 6. Bd2 {[%clk 01:30:11]} {[%emt
00:00:58]} Bg7 {[%clk 01:32:42]} {[%emt 00:00:09]} 7. f4 {[%clk 01:30:16]}
{[%emt 00:00:25]} O-O {[%clk 01:31:30]} {[%emt 00:01:42]} 8. Nf3 {[%clk
01:30:28]} {[%emt 00:00:17]} a6 {[%clk 01:31:10]} {[%emt 00:00:51]} 9. h3
{[%clk 01:30:03]} {[%emt 00:00:54]} b5 {[%clk 01:31:01]} {[%emt 00:00:40]} 10.
Ba2 {[%clk 01:30:26]} {[%emt 00:00:07]} e6 {[%clk 01:26:53]} {[%emt 00:04:37]}
11. O-O {[%clk 01:30:31]} {[%emt 00:00:24]} d5 {[%clk 01:25:44]} {[%emt
00:01:40]} 12. e5 {[%clk 01:29:33]} {[%emt 00:01:28]} Nd7 {[%clk 01:25:50]}
{[%emt 00:00:25]} 13. Ne2 {[%clk 01:22:06]} {[%emt 00:07:56]} a5 {[%clk
01:23:11]} {[%emt 00:03:09]} 14. c3 {[%clk 01:21:41]} {[%emt 00:00:56]} Qb6
{[%clk 01:21:32]} {[%emt 00:02:09]} 15. Be3 {[%clk 01:19:11]} {[%emt 00:03:00]}
Qc7 {[%clk 01:17:55]} {[%emt 00:04:07]} 16. d4 {[%clk 01:17:34]} {[%emt
00:02:07]} c4 {[%clk 01:14:53]} {[%emt 00:03:32]} 17. Qe1 {[%clk 01:13:30]}
{[%emt 00:04:33]} Rb8 {[%clk 01:08:18]} {[%emt 00:07:05]} 18. b4 {[%clk
01:06:31]} {[%emt 00:07:30]} cxb3 {[%clk 01:07:06]} {[%emt 00:01:42]} 19. Bxb3
{[%clk 01:06:44]} {[%emt 00:00:17]} b4 {[%clk 01:05:23]} {[%emt 00:02:14]} 20.
cxb4 {[%clk 01:03:12]} {[%emt 00:04:01]} axb4 {[%clk 01:05:43]} {[%emt
00:00:10]} 21. axb4 {[%clk 01:01:40]} {[%emt 00:02:01]} Rxb4 {[%clk 01:03:17]}
{[%emt 00:02:57]} 22. Ba4 {[%clk 01:00:03]} {[%emt 00:02:05]} Rb6 {[%clk
00:59:17]} {[%emt 00:04:30]} 23. Rc1 {[%clk 00:55:07]} {[%emt 00:05:26]} Ba6
{[%clk 00:49:25]} {[%emt 00:10:23]} 24. Bd2 {[%clk 00:50:39]} {[%emt 00:04:57]}
Bc4 {[%clk 00:44:38]} {[%emt 00:05:18]} 25. Ba5 {[%clk 00:36:56]} {[%emt
00:14:13]} Nxa5 {[%clk 00:43:39]} {[%emt 00:01:30]} 26. Qxa5 {[%clk 00:37:15]}
{[%emt 00:00:11]} Rb7 {[%clk 00:37:29]} {[%emt 00:06:39]} 27. Qd2 {[%clk
00:36:47]} {[%emt 00:00:57]} Nb6 {[%clk 00:35:20]} {[%emt 00:02:40]} 28. Bb5
{[%clk 00:31:34]} {[%emt 00:05:43]} Qe7 {[%clk 00:34:58]} {[%emt 00:00:52]} 29.
Bxc4 {[%clk 00:27:04]} {[%emt 00:05:00]} Nxc4 {[%clk 00:35:23]} {[%emt
00:00:04]} 30. Qd3 {[%clk 00:18:27]} {[%emt 00:09:04]} Rfb8 {[%clk 00:34:35]}
{[%emt 00:01:21]} 31. Rb1 {[%clk 00:14:57]} {[%emt 00:03:54]} Rb2 {[%clk
00:25:18]} {[%emt 00:09:53]} 32. Rxb2 {[%clk 00:13:04]} {[%emt 00:02:23]} Nxb2
{[%clk 00:23:20]} {[%emt 00:02:29]} 33. Qa6 {[%clk 00:11:39]} {[%emt 00:01:55]}
Nc4 {[%clk 00:23:23]} {[%emt 00:00:27]} 34. Ra1 {[%clk 00:10:34]} {[%emt
00:01:34]} h6 {[%clk 00:16:58]} {[%emt 00:06:56]} 35. Nc1 {[%clk 00:08:05]}
{[%emt 00:02:59]} h5 {[%clk 00:07:07]} {[%emt 00:10:21]} 36. Nd3 {[%clk
00:07:08]} {[%emt 00:01:27]} Nb6 {[%clk 00:06:18]} {[%emt 00:01:19]} 37. Rb1
{[%clk 00:07:09]} {[%emt 00:00:29]} Qc7 {[%clk 00:06:41]} {[%emt 00:00:07]} 38.
Nc5 {[%clk 00:07:03]} {[%emt 00:00:36]} Nc4 {[%clk 00:06:32]} {[%emt 00:00:40]}
39. Rxb8+ {[%clk 00:05:14]} {[%emt 00:02:18]} Qxb8 {[%clk 00:07:01]} 40. Qb7
{[%clk 00:04:48]} {[%emt 00:00:56]} Qxb7 {[%clk 00:05:29]} {[%emt 00:02:02]} 41.
Nxb7 {[%clk 00:05:14]} {[%emt 00:00:04]} Bf8 {[%clk 00:05:42]} {[%emt
00:00:17]} 42. Kf2 {[%clk 00:05:26]} {[%emt 00:00:17]} Bb4 {[%clk 00:05:51]}
{[%emt 00:00:21]} 43. Kg3 {[%clk 00:04:55]} {[%emt 00:01:02]} Ne3 {[%clk
00:04:44]} {[%emt 00:01:38]} 44. Kf2 {[%clk 00:04:46]} {[%emt 00:00:39]} Nc4
{[%clk 00:04:44]} {[%emt 00:00:31]} 45. Ke2 {[%clk 00:04:41]} {[%emt 00:00:34]}
Na5 {[%clk 00:04:46]} {[%emt 00:00:28]} 46. Nd6 {[%clk 00:02:01]} {[%emt
00:03:08]} Kf8 {[%clk 00:03:33]} {[%emt 00:01:44]} 47. Nb5 {[%clk 00:01:53]}
{[%emt 00:00:39]} Ke7 {[%clk 00:03:14]} {[%emt 00:00:49]} 48. Kd3 {[%clk
00:02:05]} {[%emt 00:00:18]} Nc4 {[%clk 00:02:55]} {[%emt 00:00:49]} 49. Na7
{[%clk 00:01:51]} {[%emt 00:00:44]} Na5 {[%clk 00:02:49]} {[%emt 00:00:36]} 50.
Ng5 {[%clk 00:01:42]} {[%emt 00:00:38]} Ba3 {[%clk 00:02:39]} {[%emt 00:00:40]}
51. Nb5 {[%clk 00:01:27]} {[%emt 00:00:45]} Nc4 {[%clk 00:02:27]} {[%emt
00:00:42]} 52. Nxa3 {[%clk 00:01:28]} {[%emt 00:00:29]} Nxa3 {[%clk 00:02:53]}
{[%emt 00:00:03]} 53. Ke3 {[%clk 00:01:24]} {[%emt 00:00:34]} Ke8 {[%clk
00:01:32]} {[%emt 00:01:51]} 54. Nh7 {[%clk 00:01:36]} {[%emt 00:00:18]} Kd7
{[%clk 00:01:40]} {[%emt 00:00:22]} 55. Nf6+ {[%clk 00:01:47]} {[%emt
00:00:19]} Ke7 {[%clk 00:02:02]} {[%emt 00:00:08]} 56. Nh7 {[%clk 00:02:06]}
{[%emt 00:00:11]} Nc2+ {[%clk 00:02:17]} {[%emt 00:00:16]} 57. Kd3 {[%clk
00:02:26]} {[%emt 00:00:10]} Ne1+ {[%clk 00:02:03]} {[%emt 00:00:43]} 58. Ke3
{[%clk 00:02:40]} {[%emt 00:00:16]} Nxg2+ {[%clk 00:01:53]} {[%emt 00:00:41]}
59. Kf3 {[%clk 00:03:04]} {[%emt 00:00:06]} Nh4+ {[%clk 00:02:08]} {[%emt
00:00:15]} 60. Ke3 {[%clk 00:03:13]} {[%emt 00:00:21]} Ng2+ {[%clk 00:02:15]}
{[%emt 00:00:23]} 61. Kf3 {[%clk 00:03:32]} {[%emt 00:00:10]} Nh4+ {[%clk
00:02:42]} {[%emt 00:00:03]} 62. Ke3 {[%clk 00:03:47]} {[%emt 00:00:15]} Nf5+
{[%clk 00:03:05]} {[%emt 00:00:07]} 63. Kd3 {[%clk 00:04:09]} {[%emt 00:00:07]}
Ng3 {[%clk 00:02:53]} {[%emt 00:00:42]} 64. Ng5 {[%clk 00:03:47]} {[%emt
00:00:52]} Nf5 {[%clk 00:03:07]} {[%emt 00:00:16]} 65. Nh7 {[%clk 00:03:36]}
{[%emt 00:00:41]} Nh4 {[%clk 00:02:41]} {[%emt 00:00:57]} 66. Ke3 {[%clk
00:03:46]} {[%emt 00:00:19]} Ng2+ {[%clk 00:02:58]} {[%emt 00:00:14]} 67. Kf3
{[%clk 00:04:06]} {[%emt 00:00:09]} Ne1+ {[%clk 00:03:13]} {[%emt 00:00:15]} 68.
Ke2 {[%clk 00:04:03]} {[%emt 00:00:33]} Nc2 {[%clk 00:03:07]} {[%emt 00:00:17]}
69. Kd3 {[%clk 00:04:24]} {[%emt 00:00:29]} Nb4+ {[%clk 00:02:40]} {[%emt
00:00:56]} 70. Ke3 {[%clk 00:04:32]} {[%emt 00:00:22]} Nc2+ {[%clk 00:02:03]}
{[%emt 00:01:08]} 71. Kd3 {[%clk 00:04:43]} {[%emt 00:00:18]} Na3 {[%clk
00:02:21]} {[%emt 00:00:11]} 72. Kc3 {[%clk 00:04:47]} {[%emt 00:00:27]} Nc4
{[%clk 00:02:36]} {[%emt 00:00:16]} 73. Kd3 {[%clk 00:04:27]} {[%emt 00:00:49]}
Nb6 {[%clk 00:02:19]} {[%emt 00:00:48]} 74. Ke3 {[%clk 00:04:47]} {[%emt
00:00:10]} Nd7 {[%clk 00:01:51]} {[%emt 00:00:58]} 75. Kf3 {[%clk 00:04:45]}
{[%emt 00:00:31]} Nb6 {[%emt 00:00:20]} 76. Ke3 {[%clk 00:05:03]} {[%emt
00:00:11]} Nc8 {[%clk 00:02:06]} {[%emt 00:00:26]} 77. Kf3 {[%clk 00:05:20]}
{[%emt 00:00:12]} Ke8 {[%clk 00:02:00]} {[%emt 00:00:35]} 78. Ng5 {[%clk
00:05:14]} {[%emt 00:00:37]} Kf8 {[%clk 00:01:58]} {[%emt 00:00:32]} 79. Kg3
{[%clk 00:05:08]} {[%emt 00:00:36]} Ne7 {[%clk 00:02:02]} {[%emt 00:00:27]} 80.
Nf3 {[%clk 00:05:26]} {[%emt 00:00:12]} Kg7 {[%clk 00:02:22]} {[%emt 00:00:10]}
81. Kf2 {[%clk 00:03:07]} {[%emt 00:02:49]} Nf5 {[%clk 00:02:29]} {[%emt
00:00:23]} 82. Ke2 {[%clk 00:02:49]} {[%emt 00:00:47]} Ng3+ {[%clk 00:02:37]}
{[%emt 00:00:23]} 83. Kd3 {[%clk 00:02:49]} {[%emt 00:00:29]} Ne4 {[%clk
00:02:51]} {[%emt 00:00:17]} 84. Ke3 {[%clk 00:02:40]} {[%emt 00:00:38]} Kh6
{[%clk 00:02:45]} {[%emt 00:00:37]} 85. h4 {[%clk 00:02:10]} {[%emt 00:00:59]}
Ng3 {[%clk 00:02:17]} {[%emt 00:00:58]} 86. Kd3 {[%clk 00:01:40]} {[%emt
00:01:01]} Kg7 {[%clk 00:02:12]} {[%emt 00:00:33]} 87. Ke3 {[%clk 00:01:40]}
{[%emt 00:00:31]} Ne4 {[%clk 00:02:26]} {[%emt 00:00:16]} 88. Ng5 {[%clk
00:01:11]} {[%emt 00:00:58]} Ng3 {[%clk 00:01:57]} {[%emt 00:01:01]} 89. Nf3
{[%clk 00:01:24]} {[%emt 00:00:17]} Nf5+ {[%clk 00:02:09]} {[%emt 00:00:17]} 90.
Kd3 {[%clk 00:01:44]} {[%emt 00:00:10]} 1/2-1/2

[Event "English Womens Championships 2024"]
[Site "Kenilworth, United Kingdom"]
[Date "2024.06.22"]
[Round "6.1"]
[White "Toma, Katarzyna"]
[Black "Hariharan, Shambavi"]
[Result "1-0"]
[TimeControl "G:90 minutes + 30 seconds added per move"]
[WhiteFideId "1119907"]
[BlackFideId "488160"]
[WhiteElo "2220"]
[BlackElo "1900"]

1. e4 {[%clk 01:30:58]} {[%emt 00:00:03]} e5 {[%clk 01:30:51]} {[%emt
00:00:08]} 2. Nf3 {[%clk 01:31:17]} {[%emt 00:00:11]} Nc6 {[%clk 01:30:33]}
{[%emt 00:00:48]} 3. d4 {[%clk 01:31:35]} {[%emt 00:00:13]} exd4 {[%clk
01:30:42]} {[%emt 00:00:20]} 4. Nxd4 {[%clk 01:32:00]} {[%emt 00:00:05]} Bc5
{[%clk 01:30:43]} {[%emt 00:00:30]} 5. Nb3 {[%clk 01:32:17]} {[%emt 00:00:12]}
Bb6 {[%clk 01:30:44]} {[%emt 00:00:30]} 6. Nc3 {[%clk 01:32:30]} {[%emt
00:00:16]} Qf6 {[%clk 01:28:50]} {[%emt 00:02:24]} 7. Qe2 {[%clk 01:31:17]}
{[%emt 00:01:44]} Nge7 {[%clk 01:27:38]} {[%emt 00:01:43]} 8. h4 {[%clk
01:30:56]} {[%emt 00:00:51]} Nd4 {[%clk 01:21:41]} {[%emt 00:06:26]} 9. Nxd4
{[%clk 01:29:56]} {[%emt 00:01:30]} Bxd4 {[%clk 01:21:20]} {[%emt 00:00:51]} 10.
Rh3 {[%clk 01:22:49]} {[%emt 00:07:37]} c6 {[%clk 01:17:29]} {[%emt 00:04:21]}
11. Bg5 {[%clk 01:22:30]} {[%emt 00:00:49]} Qe6 {[%clk 01:16:09]} {[%emt
00:01:49]} 12. Qd2 {[%clk 01:04:06]} {[%emt 00:18:55]} Bb6 {[%clk 01:06:36]}
{[%emt 00:10:03]} 13. O-O-O {[%clk 01:02:48]} {[%emt 00:01:48]} Bc7 {[%clk
01:01:58]} {[%emt 00:05:08]} 14. b3 {[%clk 00:54:31]} {[%emt 00:08:48]} b5
{[%clk 00:56:59]} {[%emt 00:05:28]} 15. Kb1 {[%clk 00:53:22]} {[%emt 00:01:39]}
Bb7 {[%clk 00:51:51]} {[%emt 00:05:39]} 16. Ne2 {[%clk 00:48:01]} {[%emt
00:05:50]} d6 {[%clk 00:33:59]} {[%emt 00:18:21]} 17. Nd4 {[%clk 00:44:57]}
{[%emt 00:03:35]} Qd7 {[%clk 00:32:15]} {[%emt 00:02:11]} 18. Bxe7 {[%clk
00:44:55]} {[%emt 00:00:33]} Qxe7 {[%clk 00:31:33]} {[%emt 00:01:12]} 19. Nf5
{[%clk 00:45:17]} {[%emt 00:00:08]} Qf6 {[%clk 00:31:33]} {[%emt 00:00:30]} 20.
Nxd6+ {[%clk 00:42:54]} {[%emt 00:02:53]} Bxd6 {[%clk 00:31:54]} {[%emt
00:00:08]} 21. Qxd6 {[%clk 00:43:20]} {[%emt 00:00:05]} Qxd6 {[%clk 00:32:17]}
{[%emt 00:00:07]} 22. Rxd6 {[%clk 00:43:44]} {[%emt 00:00:05]} Ke7 {[%clk
00:32:22]} {[%emt 00:00:25]} 23. Rhd3 {[%clk 00:43:56]} {[%emt 00:00:19]} Rad8
{[%clk 00:32:41]} {[%emt 00:00:11]} 24. Rxd8 {[%clk 00:43:38]} {[%emt
00:00:47]} Rxd8 {[%clk 00:33:04]} 25. Rxd8 {[%clk 00:43:19]} {[%emt 00:00:57]}
Kxd8 {[%clk 00:33:27]} {[%emt 00:00:07]} 26. Kc1 {[%clk 00:42:47]} {[%emt
00:01:02]} Ke7 {[%clk 00:33:28]} {[%emt 00:00:28]} 27. f3 {[%clk 00:42:31]}
{[%emt 00:00:46]} Kd6 {[%clk 00:31:49]} {[%emt 00:02:10]} 28. Kd2 {[%clk
00:42:46]} {[%emt 00:00:14]} a6 {[%clk 00:31:37]} {[%emt 00:00:43]} 29. b4
{[%clk 00:41:48]} {[%emt 00:01:28]} c5 {[%clk 00:30:10]} {[%emt 00:01:57]} 30.
c3 {[%clk 00:42:03]} {[%emt 00:00:15]} Bc6 {[%clk 00:29:04]} {[%emt 00:01:36]}
31. Ke3 {[%clk 00:41:51]} {[%emt 00:00:42]} f6 {[%clk 00:28:57]} {[%emt
00:00:37]} 32. f4 {[%clk 00:41:49]} {[%emt 00:00:32]} g6 {[%clk 00:27:03]}
{[%emt 00:02:24]} 33. g3 {[%clk 00:41:50]} {[%emt 00:00:29]} h6 {[%clk
00:24:51]} {[%emt 00:02:42]} 34. Bg2 {[%clk 00:40:31]} {[%emt 00:01:49]} Be8
{[%clk 00:23:54]} {[%emt 00:01:26]} 35. a3 {[%clk 00:38:24]} {[%emt 00:02:37]}
Bd7 {[%clk 00:21:45]} {[%emt 00:02:39]} 36. Bf3 {[%clk 00:37:11]} {[%emt
00:01:44]} Be6 {[%clk 00:17:16]} {[%emt 00:04:58]} 37. Be2 {[%clk 00:34:22]}
{[%emt 00:03:20]} f5 {[%clk 00:12:16]} {[%emt 00:05:30]} 38. h5 {[%clk
00:29:34]} {[%emt 00:05:18]} Bf7 {[%clk 00:09:43]} {[%emt 00:03:02]} 39. hxg6
{[%clk 00:29:27]} {[%emt 00:00:39]} Bxg6 {[%clk 00:09:39]} {[%emt 00:00:33]} 40.
exf5 {[%clk 00:28:03]} {[%emt 00:01:53]} Bxf5 {[%clk 00:10:02]} {[%emt
00:00:07]} 41. Bf3 {[%clk 00:27:58]} {[%emt 00:00:35]} Bc8 {[%clk 00:10:06]}
{[%emt 00:00:26]} 42. g4 {[%clk 00:28:11]} {[%emt 00:00:17]} Bd7 {[%clk
00:09:50]} {[%emt 00:00:46]} 43. g5 {[%clk 00:27:55]} {[%emt 00:00:47]} hxg5
{[%clk 00:09:51]} {[%emt 00:00:29]} 44. fxg5 {[%clk 00:28:20]} {[%emt
00:00:04]} cxb4 {[%clk 00:10:10]} {[%emt 00:00:11]} 45. cxb4 {[%clk 00:28:35]}
{[%emt 00:00:15]} Ke5 {[%clk 00:10:15]} {[%emt 00:00:25]} 46. Be4 {[%clk
00:28:40]} {[%emt 00:00:25]} Bc8 {[%clk 00:10:14]} {[%emt 00:00:30]} 47. g6
{[%clk 00:28:58]} {[%emt 00:00:13]} Kf6 {[%clk 00:10:39]} {[%emt 00:00:05]} 48.
Kd4 {[%clk 00:29:23]} {[%emt 00:00:05]} Bd7 {[%clk 00:10:50]} {[%emt 00:00:18]}
49. Kc5 {[%clk 00:29:45]} {[%emt 00:00:09]} Bc8 {[%clk 00:11:14]} {[%emt
00:00:06]} 50. Kb6 {[%clk 00:30:07]} {[%emt 00:00:07]} Kg7 {[%clk 00:11:28]}
{[%emt 00:00:16]} 51. Bb7 {[%clk 00:29:38]} {[%emt 00:00:59]} Bd7 {[%clk
00:11:46]} {[%emt 00:00:13]} 52. Bxa6 {[%clk 00:29:51]} {[%emt 00:00:17]} Kxg6
{[%clk 00:12:11]} {[%emt 00:00:04]} 53. Bxb5 {[%clk 00:30:19]} {[%emt
00:00:03]} 1-0

[Event "English Womens Championships 2024"]
[Site "Kenilworth, United Kingdom"]
[Date "2024.06.22"]
[Round "6.3"]
[White "Dicen, Elis Denele"]
[Black "Hryshchenko, Kamila"]
[Result "0-1"]
[TimeControl "G:90 minutes + 30 seconds added per move"]
[WhiteFideId "462560"]
[BlackFideId "14147491"]
[WhiteElo "2073"]
[BlackElo "2161"]

1. e4 {[%clk 01:30:57]} {[%emt 00:00:02]} d6 {[%clk 01:29:00]} {[%emt
00:02:00]} 2. d4 {[%clk 01:31:22]} {[%emt 00:00:06]} g6 {[%clk 01:29:25]}
{[%emt 00:00:05]} 3. Nc3 {[%clk 01:31:44]} {[%emt 00:00:08]} Bg7 {[%clk
01:29:50]} {[%emt 00:00:04]} 4. Be3 {[%clk 01:32:08]} {[%emt 00:00:07]} c6
{[%clk 01:30:15]} {[%emt 00:00:06]} 5. Nf3 {[%clk 01:32:15]} {[%emt 00:00:22]}
Nf6 {[%clk 01:29:20]} {[%emt 00:01:25]} 6. Qd2 {[%clk 01:30:26]} {[%emt
00:02:18]} b5 {[%clk 01:28:33]} {[%emt 00:01:17]} 7. Bd3 {[%clk 01:30:08]}
{[%emt 00:00:48]} Bg4 {[%clk 01:27:06]} {[%emt 00:01:57]} 8. Bh6 {[%clk
01:25:15]} {[%emt 00:05:24]} Bxh6 {[%clk 01:26:53]} {[%emt 00:00:43]} 9. Qxh6
{[%clk 01:25:34]} {[%emt 00:00:10]} Bxf3 {[%clk 01:26:07]} {[%emt 00:01:17]} 10.
gxf3 {[%clk 01:25:49]} {[%emt 00:00:15]} e5 {[%clk 01:23:12]} {[%emt 00:03:25]}
11. dxe5 {[%clk 01:21:13]} {[%emt 00:05:06]} dxe5 {[%clk 01:23:37]} {[%emt
00:00:05]} 12. O-O-O {[%clk 01:21:05]} {[%emt 00:00:38]} Nbd7 {[%clk 01:23:22]}
{[%emt 00:00:45]} 13. Qg7 {[%clk 01:04:59]} {[%emt 00:16:35]} Rg8 {[%clk
01:23:09]} {[%emt 00:00:43]} 14. Qh6 {[%clk 01:05:18]} {[%emt 00:00:11]} Qe7
{[%clk 01:21:50]} {[%emt 00:01:50]} 15. Kb1 {[%clk 01:02:04]} {[%emt 00:03:44]}
O-O-O {[%clk 01:17:06]} {[%emt 00:05:13]} 16. Qd2 {[%clk 00:55:34]} {[%emt
00:07:00]} Nb6 {[%clk 01:13:14]} {[%emt 00:04:23]} 17. Qc1 {[%clk 00:49:56]}
{[%emt 00:06:08]} Nfd7 {[%clk 01:12:09]} {[%emt 00:01:36]} 18. f4 {[%clk
00:47:54]} {[%emt 00:02:31]} f6 {[%clk 01:08:03]} {[%emt 00:04:35]} 19. Ne2
{[%clk 00:44:28]} {[%emt 00:03:57]} Nc5 {[%clk 01:07:06]} {[%emt 00:01:27]} 20.
fxe5 {[%clk 00:43:33]} {[%emt 00:01:25]} fxe5 {[%clk 01:07:16]} {[%emt
00:00:20]} 21. f4 {[%clk 00:43:04]} {[%emt 00:00:59]} Rge8 {[%clk 01:05:29]}
{[%emt 00:02:17]} 22. Rhe1 {[%clk 00:41:43]} {[%emt 00:01:50]} Nba4 {[%clk
01:05:33]} {[%emt 00:00:27]} 23. b3 {[%clk 00:38:34]} {[%emt 00:03:40]} Nb6
{[%clk 01:05:49]} {[%emt 00:00:13]} 24. Ng3 {[%clk 00:37:52]} {[%emt 00:01:12]}
exf4 {[%clk 01:02:18]} {[%emt 00:04:01]} 25. Qxf4 {[%clk 00:37:54]} {[%emt
00:00:27]} Qe5 {[%clk 01:02:08]} {[%emt 00:00:41]} 26. Qxe5 {[%clk 00:35:48]}
{[%emt 00:02:37]} Rxe5 {[%clk 01:02:27]} {[%emt 00:00:10]} 27. Rf1 {[%clk
00:35:58]} {[%emt 00:00:20]} Rd7 {[%clk 01:01:36]} {[%emt 00:01:20]} 28. Rf6
{[%clk 00:31:31]} {[%emt 00:04:58]} Kc7 {[%clk 01:01:03]} {[%emt 00:01:03]} 29.
Kc1 {[%clk 00:31:30]} {[%emt 00:00:30]} a5 {[%clk 01:00:36]} {[%emt 00:00:58]}
30. Rf4 {[%clk 00:30:25]} {[%emt 00:01:34]} a4 {[%clk 00:58:36]} {[%emt
00:02:30]} 31. h4 {[%clk 00:28:51]} {[%emt 00:02:03]} a3 {[%clk 00:57:56]}
{[%emt 00:01:10]} 32. Rf3 {[%clk 00:28:09]} {[%emt 00:01:12]} Nc8 {[%clk
00:54:43]} {[%emt 00:03:42]} 33. Re1 {[%clk 00:26:52]} {[%emt 00:01:48]} Nd6
{[%clk 00:54:39]} {[%emt 00:00:34]} 34. c3 {[%clk 00:22:01]} {[%emt 00:05:21]}
Nf5 {[%clk 00:51:29]} {[%emt 00:03:40]} 35. Bf1 {[%clk 00:17:42]} {[%emt
00:04:48]} Nxg3 {[%clk 00:50:01]} {[%emt 00:01:58]} 36. Rxg3 {[%clk 00:18:00]}
{[%emt 00:00:13]} Rxe4 {[%clk 00:49:15]} {[%emt 00:01:17]} 37. Rxe4 {[%clk
00:18:01]} {[%emt 00:00:29]} Nxe4 {[%clk 00:49:38]} {[%emt 00:00:07]} 38. Re3
{[%clk 00:17:52]} {[%emt 00:00:38]} Nc5 {[%clk 00:49:18]} {[%emt 00:00:51]} 39.
Be2 {[%clk 00:17:19]} {[%emt 00:01:03]} Rf7 {[%clk 00:42:43]} {[%emt 00:07:05]}
40. Kc2 {[%clk 00:16:36]} {[%emt 00:01:12]} Rf4 {[%clk 00:40:41]} {[%emt
00:02:32]} 41. Re7+ {[%clk 00:14:17]} {[%emt 00:02:49]} Kd6 {[%clk 00:36:26]}
{[%emt 00:04:46]} 42. Rxh7 {[%clk 00:12:50]} {[%emt 00:01:56]} Rf2 {[%clk
00:36:19]} {[%emt 00:00:37]} 43. Kd2 {[%clk 00:11:00]} {[%emt 00:02:20]} Ne4+
{[%clk 00:35:49]} {[%emt 00:01:01]} 44. Ke3 {[%clk 00:10:46]} {[%emt 00:00:44]}
Rh2 {[%clk 00:35:19]} {[%emt 00:01:00]} 45. h5 {[%clk 00:06:02]} {[%emt
00:05:14]} gxh5 {[%clk 00:33:01]} {[%emt 00:02:48]} 46. Bf3 {[%clk 00:03:20]}
{[%emt 00:03:11]} Nxc3 {[%clk 00:32:41]} {[%emt 00:00:51]} 47. Rh6+ {[%clk
00:03:24]} {[%emt 00:00:26]} Kc5 {[%clk 00:31:57]} {[%emt 00:01:13]} 48. Rxc6+
{[%clk 00:03:42]} {[%emt 00:00:13]} Kb4 {[%clk 00:32:20]} {[%emt 00:00:07]} 49.
Kd4 {[%clk 00:02:57]} {[%emt 00:01:14]} Nxa2 {[%clk 00:31:52]} {[%emt
00:00:59]} 50. Rb6 {[%clk 00:02:53]} {[%emt 00:00:34]} Nc3 {[%clk 00:30:45]}
{[%emt 00:01:37]} 51. Ra6 {[%clk 00:02:55]} {[%emt 00:00:28]} a2 {[%clk
00:30:53]} {[%emt 00:00:22]} 52. Ke3 {[%clk 00:03:15]} {[%emt 00:00:10]} Na4
{[%clk 00:30:47]} {[%emt 00:00:36]} 53. bxa4 {[%clk 00:03:35]} {[%emt
00:00:10]} a1=Q {[%clk 00:31:08]} {[%emt 00:00:09]} 54. axb5 {[%clk 00:03:54]}
{[%emt 00:00:11]} Qe5+ {[%clk 00:31:26]} {[%emt 00:00:11]} 55. Be4 {[%clk
00:04:17]} {[%emt 00:00:07]} Rh3+ {[%clk 00:31:35]} {[%emt 00:00:22]} 56. Kf2
{[%clk 00:04:37]} {[%emt 00:00:09]} Qxe4 {[%clk 00:31:45]} {[%emt 00:00:20]} 57.
Ra1 {[%clk 00:04:57]} {[%emt 00:00:10]} Qf3+ {[%clk 00:32:06]} {[%emt
00:00:09]} 58. Kg1 {[%clk 00:05:21]} {[%emt 00:00:06]} Rh1# {[%clk 00:32:30]}
{[%emt 00:00:06]} 0-1